Дар СССР ЮНЕСКО. Панно "Вклад народов СССР в мировую культуру и цивилизацию": фотобуклет

Библиографические подробности
Главный автор: Глазунов И. С. Илья Сергеевич
Другие авторы: Виноградова-Бенуа Н. (составитель)
Примечания:Текст дан на рус., англ. и франц. языках
Нумерация страниц отсутствует.
Язык:русский
Опубликовано: Москва, Планета, 1982
Предметы:
Формат: MixedMaterials Книга
Запись в KOHA:https://koha.lib.tpu.ru/cgi-bin/koha/opac-detail.pl?biblionumber=198430

MARC

LEADER 00000nam0a2200000 4500
001 198430
005 20231101224820.0
035 |a (RuTPU)RU\TPU\book\216420 
090 |a 198430 
100 |a 20110629d1982 m y0rusy50 ca 
101 2 |a rus 
102 |a RU 
105 |a a z 000zy 
200 1 |a Дар СССР ЮНЕСКО. Панно "Вклад народов СССР в мировую культуру и цивилизацию"  |e фотобуклет  |f И. С. Глазунов  |g сост. Н. Виноградова-Бенуа 
210 |a Москва  |c Планета  |d 1982 
215 |a [ 3 ] вкл. л., [19] с.  |c ил.  |d 31 см. 
300 |a Текст дан на рус., англ. и франц. языках 
300 |a Нумерация страниц отсутствует. 
610 1 |a изобразительное искусство 
610 1 |a живопись 
610 1 |a 20 век 
610 1 |a русское искусство 
610 1 |a буклеты 
675 |a 75.071(084)  |v 3 
700 1 |a Глазунов  |b И. С.  |c русский живописец  |c график  |f 1930-  |g Илья Сергеевич  |2 stltpush  |3 (RuTPU)RU\TPU\pers\12280  |9 3291 
702 1 |a Виноградова-Бенуа  |b Н.  |4 220 
801 1 |a RU  |b 63413507  |c 20110629 
801 2 |a RU  |b 63413507  |c 20110629  |g RCR 
942 |c BK